Associa l'evento storico al suo anno dal 1900 - Statistics

Statistiche generali
  • Questo quiz è stato fatto 191 volte
    190 dall'ultimo reset
  • Il punteggio medio è 25 su 126
Statistiche sulle risposte
Hint Risposta % Corretto
Attentato alle Torri Gemelle 2001
87%
Attentato di Sarajevo (inizio Prima guerra mondiale) 1914
78%
Bomba atomica su Hiroshima 1945
72%
Caduta del muro di Berlino 1989
70%
Affondamento del Titanic; Inizio delle Guerre balcaniche 1912
66%
Entra in circolazione l'Euro € 2002
58%
Assassinio di JFK; Disastro del Vajont 1963
54%
Hitler invade la Polonia 1939
52%
Sbarco in Normandia; Liberazione di Parigi 1944
52%
Nascita della Repubblica Italiana 1946
51%
Hitler invade Danimarca, Norvegia, Francia e Benelux; L'Italia entra in guerra 1940
48%
Primo uomo sulla Luna; Primo collegamento Internet (ARPANET); Strage di piazza Fontana 1969
46%
Disastro di Chernobyl 1986
46%
Dissoluzione dell'Unione Sovietica 1991
46%
Attentati di Parigi: Charlie Hebdo, Bataclan 2015
45%
Entra in vigore la Costituzione Italiana 1948
43%
Assassinio di Matteotti; Muore Lenin 1924
40%
Uragano Katrina; muore Papa Giovanni Paolo II 2005
39%
Hitler diventa Führer, inizio Terzo Reich 1933
37%
Nasce la prima persona grazie alla fecondazione assistita; rapimento e omicidio di Aldo Moro 1978
37%
Marcia su Roma di Mussolini 1922
36%
Fondazione del Campionato mondiale di calcio; Marcia del sale 1930
36%
Trattato di Maastricht (nascita UE); Omicido di Falcone e Borsellino 1992
36%
Inizio della Pandemia di COVID-19 2020
36%
Invasione russa dell’Ucraina; muore la regina Elisabetta II 2022
36%
Crisi economica mondiale, fallimento della Lehman Brothers 2008
34%
Fondazione della Repubblica Sociale Italiana 1943
33%
Rivoluzione d’ottobre 1917
31%
Naufragio della Costa Concordia 2012
31%
Operazione Barbarossa: Hitler invade l'URSS; Attacco di Pearl Harbor 1941
30%
Attentato a Giovanni Paolo II 1981
30%
Inizio della Grande depressione; Fondazione Premio Oscar 1929
28%
Tsunami nell’Oceano Indiano 2004
28%
Barack Obama diventa Presidente degli USA; muore Michael Jackson 2009
28%
Donald Trump diventa per la prima volta Presidente degli USA 2017
28%
Strage di Bologna e di Ustica; Assassinio di John Lennon 1980
27%
Hong Kong torna alla Cina dopo 156 anni di dominio britannico; muore Lady D. 1997
27%
Incidente nucleare di Fukushima 2011
25%
Referendum per la Brexit 2016
25%
Gli USA invadono l’Iraq 2003
24%
Trattato di Versailles 1919
22%
Nascita della CECA; Prima edizione del Festival di Sanremo 1951
22%
Muore Giorgio VI e sale al trono la Regina Elisabetta II 1952
22%
Assassinio di Martin Luther King 1968
22%
Inizio del Conflitto russo-ucraino con l'annessione della Crimea alla Russia 2014
22%
Fine della Guerra in Afghanistan e Assalto a Capitol Hill 2021
22%
Ultima esecuzione per ghigliottina in Francia; muore Elvis Presley 1977
21%
Battaglia della Somme e di Verdun 1916
19%
Crisi dei missili di Cuba 1962
19%
Fine della Guerra del Vietnam e inizio del genocidio cambogiano 1975
19%
Guerra delle Falkland; Assassinato Roberto Calvi e il Generale Dalla Chiesa 1982
19%
Genocidio del Ruanda e fine dell'apartheid in Sudafrica, eletto Mandela 1994
19%
Inizio del Progetto Manhattan; Battaglia di Stalingrado e di Midway 1942
18%
Anno delle indipendenze africane 1960
18%
Presentato il primo iPhone 2007
18%
Discorso di Mussolini alle camere; Promulgazione delle leggi Fascistissime 1925
16%
Notte dei cristalli; Conferenza di Monaco 1938
15%
Nascita della Repubblica Popolare Cinese 1949
15%
Primo uomo nello spazio: Yuri Gagarin 1961
15%
Guerra dei Sei Giorni, parte dei conflitti arabo-israeliani 1967
15%
Rivoluzione islamica in Iran 1979
15%
Notte dei lunghi coltelli 1934
13%
Inizio della Guerra civile spagnola tra franchisti e repubblicani; Inizio delle Grandi Purghe Sovietiche 1936
13%
Inzio della Guerra di Corea 1950
13%
Colpo di Stato in Cile che porterà alla dittatura di Pinochet 1973
13%
Inizio Prima Guerra del Golfo 1990
13%
Keir Starmer diventa Primo Ministro del Regno Unito 2024
13%
Inizio Pandemia dell'Influenza Spagnola 1918
12%
Diritto di voto alle donne in USA; Fondazione dello Stato libero di Fiume 1920
12%
Fondazione del Partito Nazionale Fascista 1921
12%
Massacro di Monaco di Baviera 1972
12%
Scandalo Watergate, dimissioni di Nixon; Strage di piazza della Loggia e del Treno Italicus 1974
12%
Primo volo dei fratelli Wright 1903
10%
Mussolini invade l’Etiopia 1935
10%
Rivoluzione ungherese antisovietica 1956
10%
Scoperta del buco dell’ozono; Crisi di Sigonella 1985
10%
Accordi di Oslo tra Israele e Palestina 1993
10%
Prima trasmissione radio transatlantica; Fine dell'età Vittoriana; Fondazione Premio Nobel 1901
9%
Craxi diventa il primo Presidente del Consiglio socialista 1983
9%
Movimento dei gilet gialli in Francia 2018
9%
Inizio sistematico del genocidio dei palestinesi 2023
9%
Terremoto di San Francisco 1906
7%
Fondazione del Futurismo 1909
7%
Putsch di Monaco 1923
7%
Inaugurato l'Empire State Building 1931
7%
Scoperta della struttura del DNA; Passaggio da Stalina a Krusciov 1953
7%
Lancio dello Sputnik 1: Primo satellite artificiale messo in orbita 1957
7%
Fine della Guerra Iran-Iraq 1988
7%
Esperimento della Pecora Dolly, primo mammifero clonato 1996
7%
Manifestazioni globali per il clima, Fridays for Future 2019
7%
Fondazione della FIFA 1904
6%
Quattro pubblicazioni fondamentali di Einstein 1905
6%
Inizio del genocidio degli Armeni 1915
6%
Disastro del Led Zeppelin 1937
6%
Inizio della Guerra del Vietnam 1955
6%
Firmato il Civil Rights Act, vietando la discriminazione razziale, sessuale, religiosa negli USA 1964
6%
Assassinio di Malcom X 1965
6%
Disastro di Bhopal 1984
6%
Fine della Guerra in Bosnia 1995
6%
Vladimir Putin diventa per la prima volta Presidente della Russia 1999
6%
Saddam Hussein viene giustiziato 2006
6%
Inizio della Primavera Araba 2010
6%
Friedrich Merz diventa Cancelliere federale della Germania 2025
6%
Planck formula al Teoria dei quanti 1900
4%
Fine delle Guerre Boere 1902
4%
Nasce la Ford Model T, prima auto di serie; Raggiungimento del Polo Nord 1908
4%
Ford introduce la catena di montaggio 1913
4%
Hirohito diventa imperatore del Giappone 1926
4%
Fleming scopre la Penicillina 1928
4%
Scoperta del neutrone 1932
4%
Nascita del Piano Marshall 1947
4%
Fondazione del CERN e della UEFA 1954
4%
Fondazione della Quinta Repubblica francese 1958
4%
Rivoluzione cubana, Fidel Castro prende il potere a Cuba 1959
4%
La Cina sostituisce Taiwan nel Consiglio di sicurezza dell’Onu 1971
4%
Inizio della dittatura argentina di Videla 1976
4%
Fotografata per la prima volta la Cometa di Halley; Passaggio del Portogallo da Monarchia a Repubblica 1910
3%
Nascita dell'era del cinema sonoro 1927
3%
Incidente della missione spaziale Apollo 13 1970
3%
Inizio della Guerra del Kosovo 1998
3%
Inchiesta Datagate di Snowden 2013
3%
Nasce la Triplice intesa tra Francia, Russia e Regno Unito 1907
1%
Raggiungimento del Polo Sud 1911
1%
Inizio della Rivoluzione Culturale in Cina 1966
1%
Inizio della Prima intifada Palestinese 1987
1%
Inizio della Seconda intifada Palestinese 2000
1%
Nessun quiz corrispondente trovato
Distribuzione punteggi
Percentuale di utenti per punteggio
Percentile per numero di risposta
I tuoi punteggi nel tempo
Non hai fatto questo quiz dall'ultimo reset